Fichero de Juegos deportivos recreativos

Saved in:
Bibliografiske detaljer
Hovedforfatter: Camerino Foguet, Oleguer (Author)
Format: Bog
Sprog:spansk
Udgivet: Barcelona INDE 1999
Udgivelse:1a. ed
Fag:
Tags: Tilføj Tag
Ingen Tags, Vær først til at tagge denne postø!

MARC

LEADER 00000nam a2200000 a 4500
001 UCH5303
003 CL-VaPUC
008 091014e19990000SP |||||||||||||||||spa|d
020 |a 8495114461 
082 0 4 |a 796.1  |b CAM  |2 21 
100 0 |a Camerino Foguet, Oleguer  |e author  |9 541591 
245 1 0 |a Fichero de Juegos deportivos recreativos 
250 |a 1a. ed 
300 |a 80 p 
942 |c BK 
945 |d 20091014 00:00:00  |a ccalabra 
260 |a Barcelona  |b INDE  |c 1999 
650 0 |a Deportes  |9 224367 
650 0 |a Educación física  |9 240893 
650 0 |a Educación  |9 258661 
650 0 |a Salud física  |9 334274 
650 0 |a Juegos deportivos   |9 334250 
650 0 |a Juegos educativos  |9 307366 
650 0 |a Actividad física  |9 362156 
583 |a last modification  |c 20091014 00:00:00  |k Rodrigo Vera 
999 |c 336467  |d 336465